000 00403nam a22001457a 4500
003 macl
005 20181104160647.0
008 181104b xxu||||| |||| 00| 0 eng d
040 _cmacl
100 _aKhan, Hamid & Yogita Hooda
_973158
245 _aInternal Security of India
260 _aChenni
_bMcGrawHill
_c2018
650 _aSecurity
_973159
942 _2ddc
_cBK
999 _c58541
_d58541